000 00475cam a22001337a 4500
008 180718b1997 xxu||||| |||| 00| 0 eng d
082 _aA81x54 91/25/PT7/2
100 _aCensus of India 1991
245 _aUttar Pradesh: tables on houses and household amenities
260 _aDelhi
_bThe Controller of Publications
_c1997
300 _a1029p.
440 _aCensus of India 1991. Series-25, Uttar Pradesh. Part 7, Volume 2
650 _aHousehold surveys - India - Uttar Pradesh
999 _c482295
_d482295